Mehnersmoos - "Anti Anti Alkoholiker" Lyrics erraten - Statistiken

Allgemein
  • Dieses Quiz wurde 4 mal gespielt
  • Das Durchschnittsergebnis liegt bei 108 aus 286
Antwortstatistiken
Antwort % Korrekt
die
100%
du
100%
ich
100%
anti
75%
bis
75%
das
75%
der
75%
hab
75%
mir
75%
oh
75%
sauf
75%
schon
75%
wo
75%
aber
50%
alkoholiker
50%
bin
50%
bist
50%
den
50%
ey
50%
ist
50%
jeden
50%
meinem
50%
mit
50%
saufe
50%
so
50%
tag
50%
und
50%
wir
50%
zu
50%
ah
25%
allen
25%
arbeit
25%
arschloch
25%
auf
25%
cool
25%
dann
25%
dein
25%
deine
25%
dem
25%
denn
25%
doch
25%
dummer
25%
es
25%
ficke
25%
ganze
25%
im
25%
in
25%
ja
25%
kaufe
25%
kein
25%
kommen
25%
lieben
25%
mehr
25%
meinen
25%
nicht
25%
nie
25%
pimmel
25%
rappen
25%
schlecht
25%
schnaps
25%
seh
25%
von
25%
war
25%
weil
25%
wenn
25%
wieder
25%
will
25%
yeah
25%
adiletten
0%
aminati
0%
anatomie
0%
arm
0%
avanti
0%
baba
0%
bereich
0%
calibra
0%
cringe
0%
dalli
0%
daniel
0%
dicker
0%
dienstag
0%
dünner
0%
erkältet
0%
ersten
0%
ferrari
0%
frei
0%
geld
0%
geschafft
0%
halligalli
0%
hälste
0%
hassen
0%
hellste
0%
hodensack
0%
hurensöhne
0%
kacke
0%
kapiert
0%
kippe
0%
knie
0%
kopf
0%
land
0%
leute
0%
liegt
0%
machen
0%
mami
0%
mathe
0%
maydn
0%
medde
0%
money
0%
nämlich
0%
opel
0%
platz
0%
rappern
0%
rücken
0%
schießgewehren
0%
shisha
0%
sitze
0%
spastiparty
0%
todestag
0%
unterhemd
0%
weiß
0%
zehnt
0%
zwischen
0%
Keine übereinstimmenden Quizze gefunden
Verteilung der Resultate
Anzahl Personen mit jedem Resultat
Perzentil nach korrekt beantworteten Fragen
Ihre Resultats-Entwicklung
Sie haben dieses Quiz noch nicht gespielt